Catalog

Record Details

Catalog Search



Das Dritte Reich und die Slowakei 1939-1945 : politischer Alltag zwischen Kooperation und Eigensinn / Tatjana Tönsmeyer

Record details

  • ISBN: 3-506-77532-4 (váz.)
  • Physical Description: 387 s. ; 24 cm
  • Publisher: Paderborn : Schöningh, c2003

Content descriptions

Dissertation Note:
Disertace (doktorská)--Humboldt-Universität Berlin, 2002
Bibliography, etc. Note:
Obsahuje bibliografii a rejstřík

Available copies

  • 1 of 1 copy available at Common Catalog SPOK.

Holds

  • 0 current holds with 1 total copy.
Show Only Available Copies
Location Call Number / Copy Notes Barcode Shelving Location Status Due Date
Terezin Initiative Institute 4128 4594304128 Knihovna ITI Available -

LDR 01534cam a2200409 a 4500
00127241
003CZ-PrJAB
00520221109110040.0
008031212s2003 gw gr 001 0 ger
020 . ‡a3-506-77532-4 (váz.)
035 . ‡a(CONS)2059
035 . ‡a(CZ PrSKC)zpk20031251052
035 . ‡a(OCoLC)53057720
040 . ‡bcze ‡cOCLC ‡dABA001
080 . ‡a94(437.6) ‡2MRF
080 . ‡a327 ‡2MRF
080 . ‡a(430) ‡2MRF
080 . ‡a(048.8) ‡2MRF
1001 . ‡aTönsmeyer, Tatjana, ‡d1968- ‡7jn20031215027 ‡4aut
24514. ‡aDas Dritte Reich und die Slowakei 1939-1945 : ‡bpolitischer Alltag zwischen Kooperation und Eigensinn / ‡cTatjana Tönsmeyer
260 . ‡aPaderborn : ‡bSchöningh, ‡cc2003
300 . ‡a387 s. ; ‡c24 cm
502 . ‡aDisertace (doktorská)--Humboldt-Universität Berlin, 2002
504 . ‡aObsahuje bibliografii a rejstřík
8524 . ‡bJACH-ITI ‡bJACH-ITI ‡cKnihovna ITI ‡j4206 ‡p4206 ‡y$0.00
910 . ‡aABE340 ‡b4128
995 . ‡askok
901 . ‡a27241 ‡bISxN ‡c27241 ‡tbiblio

Additional Resources